| 000 | 00617nam a22001813a 4500 | ||
|---|---|---|---|
| 005 | 20210223124523.0 | ||
| 008 | 011016s1996 fr r 000 0 eng d | ||
| 035 | _aUPN01000114195 | ||
| 049 | _aUNE | ||
| 050 | 4 |
_aLC1048 C6 _bA8.4 |
|
| 100 | 1 |
_aAtchoarena, David _928859 |
|
| 245 | 1 | 0 |
_aFinancing vocational education : _bconcepts, examples and tendencies / _cby David Atchoarena. |
| 260 |
_aParis : _bUNESCO, International Institute for Educational Planning, _c1996. |
||
| 300 |
_av, 47 p. : _btablas |
||
| 440 | 0 |
_aIIEP contributions ; _v24 |
|
| 650 | 4 |
_aEDUCACION VOCACIONAL - _xASPECTOS ECONOMICOS |
|
| 905 | _aLibro | ||
| 999 |
_c88103 _d88103 |
||